logo

Bir Sreshtho Munshi Abdur Rouf Library
Jhenaidah Cadet College

Love for imperfect things : (Record no. 14223)

MARC details
000 -LEADER
fixed length control field 00655nam a2200229 a 4500
001 - CONTROL NUMBER
JCCL Control Number 14222
003 - CONTROL NUMBER IDENTIFIER
JCCL marc code BD-JhCC
005 - DATE AND TIME OF LATEST TRANSACTION
control field 20250213105652.0
008 - FIXED-LENGTH DATA ELEMENTS--GENERAL INFORMATION
fixed length control field 250209b20162020E a|||| ||a| 000 0 eng d
020 ## - INTERNATIONAL STANDARD BOOK NUMBER
International Standard Book Number 0241331145
035 ## - SYSTEM CONTROL NUMBER
system control number (BD-JhCC)14222
040 ## - CATALOGING SOURCE
Original cataloging agency BD-JhCC
Modifying agency BD-JhCC
041 ## - LANGUAGE CODE
Language code of Book english
082 ## - DEWEY DECIMAL CLASSIFICATION NUMBER
Classification number 158.1
Author mark and Year SUN 2020
100 ## - MAIN ENTRY--PERSONAL NAME
Personal name Sunim , Haemin
245 ## - TITLE STATEMENT
Title Love for imperfect things :
Remainder of title how to accept yourself in a world striving for perfection /
Statement of responsibility, etc Haemin Sunim .
260 ## - PUBLICATION, DISTRIBUTION, ETC. (IMPRINT)
Place of publication, distribution, etc London:
Name of publisher, distributor, etc Penguin Books;
Date of publication, distribution, etc 2020.
300 ## - PHYSICAL DESCRIPTION
Pagination i-vii,259 p .
Dimensions 21 cm.
650 ## - SUBJECT ADDED ENTRY--TOPICAL TERM
Topical term or geographic name as entry element Self-actualization (Psychology)
942 ## - ADDED ENTRY ELEMENTS (KOHA)
Source of classification or shelving scheme Dewey Decimal Classification
Koha item type Books
Holdings
Source of classification or shelving scheme Damaged status Not for loan Home library Current library Shelving location Date of accession Source of acquisition Cost, normal purchase price Total Checkouts Full call number Barcode Date last seen Date checked out Copy number Method of acquisition Koha item type Currency
Dewey Decimal Classification     JCC Rouf Library JCC Rouf Library General Stacks   With the compliments of Maj (Retd) Syed Sakhawat Hussain,07/0388/K 100.00 3 158.1 SUN 2020 19905 12/18/2025 10/06/2025 C-1 Gift/Donation Books BDT
Dewey Decimal Classification     JCC Rouf Library JCC Rouf Library General Stacks   With the compliments of Maj (Retd) Syed Sakhawat Hussain,07/0388/K 100.00 6 158.1 SUN 2020 19906 01/27/2026 11/18/2025 C-2 Gift/Donation Books BDT

JCC Library | Contacts | JCC Home

Last Update on 23 September 2017
Copyright @ 2017-2020 JCC Rouf Library
Rouf Library, Jhenidah Cadet College (JCC), Bangladesh